Nedostatky transformace odborného školství. 2
Problémy súčasného odborného školstva v ČR. Ďalšie príčiny kritickej situácie. (Pokračovanie z MŘ 1993/11).
Guardado en:
| Autor principal: | |
|---|---|
| Formato: | Capítulo de libro |
| Lenguaje: | checo |
| Materias: | |
| Etiquetas: |
Sin Etiquetas, Sea el primero en etiquetar este registro!
|
MARC
| LEADER | 00000naa a2200000 4500 | ||
|---|---|---|---|
| 001 | r017468 | ||
| 005 | 20221213082457.4 | ||
| 041 | 0 | |a cze | |
| 044 | |a CZ | ||
| 245 | 1 | 0 | |a Nedostatky transformace odborného školství. 2 |c R. Klančík |
| 520 | |a Problémy súčasného odborného školstva v ČR. Ďalšie príčiny kritickej situácie. (Pokračovanie z MŘ 1993/11). | ||
| 610 | 2 | 0 | |a školy odborné stredné |
| 610 | 2 | 0 | |a transformácia |
| 610 | 2 | 0 | |a Česko |
| 610 | 2 | 0 | |a školy odborné |
| 100 | 1 | |a Klančík, R. | |